000 00676nam a2200205Ii 4500
003 JO-AjNU
008 230605s9999||||xx |||||||||||||| ||und||
017 _a2003/395
040 _aJO-AjNU
_bara
_erda
_cJO-AjNU
041 _aara
050 1 4 _aHD59.B38.2004
100 3 _aالبواب،احمد اسماعيل,
_eauthor
_922270
245 0 0 _aالعلاقات العامة وادارة الازمات
264 3 1 _aد.م:د.ن،2004
300 _a126ص
_bيحتوي على ببلوغرافية من ص117-126ص
336 _atext
_btxt
_2rdacontent
337 _aunmediated
_bn
_2rdamedia
338 _avolume
_bnc
_2rdacarrier
650 4 _aادارة الازمات
_922271
999 _aA7876
_c11444
_d11444